Estadísticas para Emociones de la película "Inside Out"

Haz click aquí para tomar la prueba!

Estadísticas generales

  • Esta prueba ha sido tomada 615 veces
  • La puntuación promedio es 4 de 5

Estadísticas de respuestas

ColorActor/ActrizEmoción% Correcto
AmarilloAmy PoehlerAlegría
97%
AzulPhyllis SmithTristeza
95%
RojoLewis BlackEnojo
88%
VioletaBill HaderMiedo
77%
VerdeMindy KallingDisgusto
65%

Distribución de puntuación

Porcentaje por número respondido

Porcentaje de gente con cada puntuación

Historial de tus puntuaciones

No has tomado esta prueba